| 000 | 00373nam a2200145Ia 4500 | ||
|---|---|---|---|
| 008 | 151213s9999 xx 000 0 und d | ||
| 100 | _aAzifar Hussain | ||
| 245 |
_aChroma-tones With a Forward by Thomas A. _cAzifar Hussain |
||
| 260 |
_aDhaka _c1980 |
||
| 300 | _a8517 p. | ||
| 650 | _aEnglish | ||
| 650 | _aEnglish Literature | ||
| 700 | _aAzifar Hussain | ||
| 999 |
_c4354 _d4354 |
||